Preghiere di famiglia (Record n. 217425)

Dettagli MARC
000 -LEADER
fixed length control field 01413nam a2200217Ia 4500
001 - CONTROL NUMBER
control field a1774-44093
003 - CONTROL NUMBER IDENTIFIER
control field IT-MiCISF
008 - FIXED-LENGTH DATA ELEMENTS--GENERAL INFORMATION
fixed length control field 161014s9999||||xx |||||||||||||| ||und||
040 ## - CATALOGING SOURCE
Original cataloging agency IT-MiCISF
Transcribing agency IT-MiCISF
041 ## - LANGUAGE CODE
Language code of text/sound track or separate title it
999 ## - SYSTEM CONTROL NUMBERS (KOHA)
Koha Dewey Subclass [OBSOLETE] si
100 ## - MAIN ENTRY--PERSONAL NAME
Personal name Conori Gianmario Adriano
245 #0 - TITLE STATEMENT
Title Preghiere di famiglia
Remainder of title Celebrazioni per la famiglia e i gruppi di famiglie
250 ## - EDITION STATEMENT
Edition statement 1a ed.
260 ## - PUBLICATION, DISTRIBUTION, ETC. (IMPRINT)
Place of publication, distribution, etc. Cantalupa (TO)
Name of publisher, distributor, etc. Effatà Editrice
Date of publication, distribution, etc. 2007
300 ## - PHYSICAL DESCRIPTION
Extent pp. 126
500 ## - GENERAL NOTE
General note / spiritualità-familiare, chiesa-domestica, liturgia / Nella vita liturgica di una comunità è raro che si propongano celebrazioni che tengano conto della presenza della famiglia con tutti i suoi componenti genitori e figli di diversa età. Considerare la presenza della famiglia alla vita celebrativa di una comunità significa anche educare la famiglia a continuare nella propria realtà domestica a vivere questa dimensione importante ed essenziale della vita di fede. Gli AA., docenti di religione nelle scuole superiori, hanno raccolto in questo volume alcune celebrazioni sperimentate da un numero di famiglie durante le attività organizzate dall'Ufficio Nazionale per la pastorale della famiglia della CEI, esprimendo attraverso la celebrazione il senso della loro vita quotidiana familiare.
650 ## - SUBJECT ADDED ENTRY--TOPICAL TERM
Topical term or geographic name as entry element Temi di pastorale / pastorale-familiare
Relator term 012
700 ## - ADDED ENTRY--PERSONAL NAME
Personal name Danelli Ernesto
942 ## - ADDED ENTRY ELEMENTS (KOHA)
Koha item type LIBRO
957 ## -
-- 1
999 ## - SYSTEM CONTROL NUMBERS (KOHA)
-- 1
Dati di copia
Withdrawn status Lost status Damaged status Not for loan Home library Current library Date acquired Total Checkouts Full call number Date last seen Price effective from Koha item type Public note
    Buone Condizioni Not For Loan CISF - Milano CISF - Milano 14/10/2016   a1774-44093 14/10/2016 14/10/2016 LIBRO Data import 15.10.2016 / by Epidotti, Vaglietti
CREDITS: SOCIETA' SAN PAOLO Via A.Severo, 58 - ROMA (RM) & PERIODICI SAN PAOLO SRL Via Giotto, 36 MILANO & CISF Via Giotto, 36 MILANO & EDIZIONI SAN PAOLO SRL,  Piazza Soncino, 5 CINISELLO BALSAMO (MI) -- ITALY